| 000 | 00000nam 2200000za 4500 |
| 001 | 9.698809 |
| 003 | CaOODSP |
| 005 | 20210625000110 |
| 007 | cr ||||||||||| |
| 008 | 150407|2009||||xxc|||||o f|0| 0 eng d |
| 040 | |aCaOODSP|beng |
| 043 | |an-cn--- |
| 086 | 1 |aSE3-87/2009E-PDF |
| 245 | 00|aExplaining Aboriginal turnout in federal elections |h[electronic resource] : |bevidence from Alberta, Saskatchewan and Manitoba / |c[by] Allison Harell, Dimitrios Panagos, and J. Scott Matthews. |
| 260 | |aOttawa : |bElections Canada, |c[2009]. |
| 300 | |a30 p. |
| 590 | |a14-07-Supp|b2014-04-03 |
| 690 | 07|aIndigenous peoples|2gcpds |
| 690 | 07|aElections|2gcpds |
| 710 | 2 |aElections Canada. |
| 775 | 08|tExplication du taux de participation des Autochtones aux élections fédérales |w(CaOODSP)9.642820 |
| 856 | 40|ahttp://publications.gc.ca|qPDF|s578 KB|uhttps://publications.gc.ca/collections/collection_2014/elections/SE3-87-2009-eng.pdf |